000 00629nam a2200241Ia 4500
003 OSt
005 20220918165323.0
006 a|||||r|||| 00| 0
007 ta
008 220917b |||||||| |||| 00| 0 eng d
020 _a291980119
024 _a243,797
037 _cTextual
040 _aARTS
_cARTS
_beng
041 _2eng
_aeng
082 _aG:6:(C5), K0;1
100 _aWallace Bruce
_923765
245 0 _aRadiatio, genes, and man
260 _aNew York
_bHenry Holt and Company USA
_c1960
300 _a205p.
_ccm.
942 _hG:6:(C5), K0;1
_cTEXL
_2CC
999 _c129282
_d129282